Censo de población 1963
Guardado en:
| 企业作者: | |
|---|---|
| 格式: | Texto |
| 出版: |
San José:
MIC. DGEC. Sección de Publicaciones
|
| 标签: |
添加标签
没有标签, 成为第一个标记此记录!
|
MARC
| LEADER | 00000 a a2200000 04500 | ||
|---|---|---|---|
| 001 | 17365 | ||
| 003 | |||
| 040 | |a CRAI/IIS |c CRAI/IIS | ||
| 090 | |a 1001 C8375 c1963 | ||
| 110 | |a Costa Rica. Ministerio de Economía, Industria y Comercio. Dirección General de Estadística y Censos | ||
| 245 | |a Censo de población 1963 | ||
| 260 | |a San José: |b MIC. DGEC. Sección de Publicaciones | ||
| 300 | |a 633 p | ||
| 999 | |c 3066 |d 3066 | ||
